No wonder they call him the Savior / (Record no. 7252)
[ view plain ]
| 000 -LEADER | |
|---|---|
| fixed length control field | 01130cam a2200337Ia 4500 |
| 001 - CONTROL NUMBER | |
| control field | 29370076 |
| 003 - CONTROL NUMBER IDENTIFIER | |
| control field | OCoLC |
| 005 - DATE AND TIME OF LATEST TRANSACTION | |
| control field | 20190205094731.0 |
| 008 - FIXED-LENGTH DATA ELEMENTS--GENERAL INFORMATION | |
| fixed length control field | 931122s1986 oru 000 0 eng d |
| 010 ## - LIBRARY OF CONGRESS CONTROL NUMBER | |
| Canceled/invalid LC control number | 85031026 |
| 020 ## - INTERNATIONAL STANDARD BOOK NUMBER | |
| International Standard Book Number | 0880706112 |
| 020 ## - INTERNATIONAL STANDARD BOOK NUMBER | |
| International Standard Book Number | 9780880706117 |
| 020 ## - INTERNATIONAL STANDARD BOOK NUMBER | |
| International Standard Book Number | 0880705760 (pbk.) |
| 020 ## - INTERNATIONAL STANDARD BOOK NUMBER | |
| International Standard Book Number | 9780880705769 (pbk.) |
| 020 ## - INTERNATIONAL STANDARD BOOK NUMBER | |
| International Standard Book Number | 1576733882 (pbk.) |
| 020 ## - INTERNATIONAL STANDARD BOOK NUMBER | |
| International Standard Book Number | 9781576733882 (pbk.) |
| 035 ## - SYSTEM CONTROL NUMBER | |
| System control number | (OCoLC)29370076 |
| Canceled/invalid control number | (OCoLC)679917042 |
| 040 ## - CATALOGING SOURCE | |
| Original cataloging agency | GZX |
| Transcribing agency | GZX |
| Modifying agency | KMA |
| -- | BTCTA |
| -- | QJB |
| -- | QJA |
| -- | MWD |
| -- | TXBXL |
| -- | CIRBC |
| 050 04 - LIBRARY OF CONGRESS CALL NUMBER | |
| Classification number | BT431 |
| Item number | .L79 1986 |
| 082 04 - DEWEY DECIMAL CLASSIFICATION NUMBER | |
| Classification number | 232.96 |
| Item number | M464N |
| 092 ## - LOCALLY ASSIGNED DEWEY CALL NUMBER (OCLC) | |
| Classification number | 232.96 |
| Item number | L931n |
| 100 1# - MAIN ENTRY--PERSONAL NAME | |
| Personal name | Lucado, Max. |
| 245 10 - TITLE STATEMENT | |
| Title | No wonder they call him the Savior / |
| Statement of responsibility, etc. | Max Lucado. |
| 260 ## - PUBLICATION, DISTRIBUTION, ETC. | |
| Place of publication, distribution, etc. | [Portland, Or.] : |
| Name of publisher, distributor, etc. | Multnomah Press, |
| Date of publication, distribution, etc. | c1986. |
| 300 ## - PHYSICAL DESCRIPTION | |
| Extent | 199 p. ; |
| Dimensions | 24 cm. |
| 490 1# - SERIES STATEMENT | |
| Series statement | Chronicles of the cross |
| 520 ## - SUMMARY, ETC. | |
| Summary, etc. | It all come down to one thing: The Cross! You have seen it. You have worn it. Maybe you have even prayed to it. But do you know it? So take a good look at It. |
| 600 00 - SUBJECT ADDED ENTRY--PERSONAL NAME | |
| Personal name | Jesus Christ |
| General subdivision | Passion |
| Form subdivision | Meditations. |
| 830 #0 - SERIES ADDED ENTRY--UNIFORM TITLE | |
| Uniform title | Chronicles of the cross. |
| 942 ## - ADDED ENTRY ELEMENTS (KOHA) | |
| Source of classification or shelving scheme | Dewey Decimal Classification |
| Koha item type | Books |
No items available.
